| 000 | 00582nam a22001935i 4500 | ||
|---|---|---|---|
| 001 | 48265 | ||
| 003 | ES-MaACL | ||
| 005 | 20260303063012.0 | ||
| 007 | t| | ||
| 008 | 950710s1881 it ||||1| ita d | ||
| 040 |
_aCAM _bspa _cCAM |
||
| 100 | 0 |
_aChiappelli, Alessandro _938459 |
|
| 245 | 1 | 0 |
_aDella interpretazione panteistica di Platone / _cdi Alessandro Chiappelle. |
| 260 |
_aFirenze : _bSucs. Le Monnier, _c1881. |
||
| 300 |
_a284 p. ; _c27 cm. |
||
| 600 | 0 | 4 |
_aPlatón- _xCrítica e interpretación. _992599 |
| 852 |
_aES-MaACL _jG-12264 |
||
| 999 |
_c48265 _d48265 |
||